<?xml version="1.0" encoding="UTF-8"?><?xml-stylesheet type="text/xsl" href="static/style.xsl"?><OAI-PMH xmlns="http://www.openarchives.org/OAI/2.0/" xmlns:xsi="http://www.w3.org/2001/XMLSchema-instance" xsi:schemaLocation="http://www.openarchives.org/OAI/2.0/ http://www.openarchives.org/OAI/2.0/OAI-PMH.xsd"><responseDate>2026-06-01T03:33:30Z</responseDate><request verb="GetRecord" identifier="oai:riuma.uma.es:10630/8046" metadataPrefix="marc">https://riuma.uma.es/rest/oai/request</request><GetRecord><record><header><identifier>oai:riuma.uma.es:10630/8046</identifier><datestamp>2026-02-03T11:49:40Z</datestamp><setSpec>com_10630_2254</setSpec><setSpec>col_10630_37959</setSpec></header><metadata><record xmlns="http://www.loc.gov/MARC21/slim" xmlns:dcterms="http://purl.org/dc/terms/" xmlns:doc="http://www.lyncode.com/xoai" xmlns:xsi="http://www.w3.org/2001/XMLSchema-instance" xsi:schemaLocation="http://www.loc.gov/MARC21/slim http://www.loc.gov/standards/marcxml/schema/MARC21slim.xsd">
   <leader>00925njm 22002777a 4500</leader>
   <datafield ind2=" " ind1=" " tag="042">
      <subfield code="a">dc</subfield>
   </datafield>
   <datafield ind2=" " ind1=" " tag="720">
      <subfield code="a">Cruz-Uribe, David</subfield>
      <subfield code="e">author</subfield>
   </datafield>
   <datafield ind2=" " ind1=" " tag="260">
      <subfield code="c">2014-09-17</subfield>
   </datafield>
   <datafield ind2=" " ind1=" " tag="520">
      <subfield code="a">In this course we will survey recent work on two weight norm inequalities for the fractional integral operator&#xd;
and its commutator with BMO functions. We are interested in finding sufficient (and necessary and sufficient) conditions on pairs of weights (u,σ) for the weak and strong-type inequalities.&#xd;
Recently, using the machinery developed to prove the A2 conjecture, there has been a great deal of progress in this area. We will first survey the history of this problem, starting with the work of Sawyer on testing conditions for pairs of weights (u,σ). We will then discuss the so-called Ap,q bump conditions. These conditions, which generalize the Muckenhoupt Ap weights, were introduced by Pérez in the 1990's and are closely related to the recently disproved Muckenhoupt-Wheeden conjectures.&#xd;
&#xd;
Throughout our talks we will discuss the parallels with recent work on singular integrals.</subfield>
   </datafield>
   <datafield ind1="8" ind2=" " tag="024">
      <subfield code="a">http://hdl.handle.net/10630/8046</subfield>
   </datafield>
   <datafield tag="653" ind2=" " ind1=" ">
      <subfield code="a">Operadores integrales</subfield>
   </datafield>
   <datafield ind2="0" ind1="0" tag="245">
      <subfield code="a">Two weight norm inequalities for fractional integrals and commutators</subfield>
   </datafield>
</record>
</metadata></record></GetRecord></OAI-PMH>